Quiz sur les SCP - Statistiques

Statistiques générales
  • Ce quiz a été pris 145 fois
  • Le résultat moyen est 8 sur 12
Statistiques - réponses
Description Réponse % Correct
Entité humanoïde qui ne supporte pas qu'on la regarde, même en photo ou vidéo, sans quoi elle viendra attaquer la victime sans issue possible SCP-096 (Le Timide)
87%
Numéro SCP qui répertorie une trentaine de propositions d'entités, dont "Quand le jour se lève" et "Le gardien de la porte" SCP-001
83%
Sculpture en béton armé qui incite à la regarder sans interruption dès qu'un contact visuel est entamé, sans lequel celle-ci viendra très rapidement briser le cou de la victime SCP-173 (La Sculpture)
83%
Mignonne petite boule de slime vivante qui adore les chatouilles, joue avec d'autres SCP et cherche à tous les rendre heureux SCP-999
80%
Gigantesque reptile dangereux doté de sens extrêmement développés, impossible à vaincre puisqu'il se regénère à chaque fois SCP-682
77%
Humanoïde âgé à la peau pourrie et à l'odeur putride, capable d'escalader n'importe quelle surface verticale et de traverser n'importe quelle surface solide, et qui corrode tout ce qu'il touche SCP-106 (Le Vieil Homme)
76%
Magasin IKEA infini duquel il est pratiquement impossible de s'échapper, et où des créatures humanoïdes, passives le jour, deviennent agressives pendant la nuit SCP-3008
76%
Boîte contenant quarante-sept pilules rouges capables de guérir toutes les maladies existantes, même causées par d'autres SCP SCP-500
61%
Cage d'escalier infiniment profonde et sombre, où ont lieu des appels à l'aide qui n'ont jamais été trouvés SCP-087
60%
Application mobile gratuite nommée "MalO ver 1.0.0" qui envoie des photos d'une créature canine dans endroits fréquemment visités par l'utilisateur, et au bout d'un certain temps, des images de la créature à proximité du sujet SCP-1471
37%
Monstre marin actuellement endormi vivant au plus profond de l'océan Atlantique, dont la taille estimée de 2 000 à 8 000 km serait capable d'inonder des régions à partir d'un simple remuement de la queue SCP-169 (Le Léviathan)
29%
Grille-pain face auquel il est impossible de s'exprimer autrement qu'à la première personne, sans s'en rendre compte SCP-426
21%
Aucun quiz correspondant
Distribution des résultats
% des personnes avec chaque résultat
Percentile par nombre de réponses
Votre historique - résultats
Vous n’avez pas pris ce quiz